| 000 -LEADER |
| fixed length control field |
01183nam a22002417a 4500 |
| 003 - CONTROL NUMBER IDENTIFIER |
| control field |
OSt |
| 005 - DATE AND TIME OF LATEST TRANSACTION |
| control field |
20190104065947.0 |
| 008 - FIXED-LENGTH DATA ELEMENTS--GENERAL INFORMATION |
| fixed length control field |
180313b xxu||||| |||| 00| 0 spa d |
| 020 ## - INTERNATIONAL STANDARD BOOK NUMBER |
| International Standard Book Number |
8425909384 |
| 040 ## - CATALOGING SOURCE |
| Transcribing agency |
PJ |
| 100 ## - MAIN ENTRY--PERSONAL NAME |
| Personal name |
Pozo, Joan Manuel del |
| 9 (RLIN) |
391 |
| 245 ## - TITLE STATEMENT |
| Title |
Ciceron: conocimiento y política / |
| Statement of responsibility, etc |
Joan Manuel del Pozo. |
| 260 ## - PUBLICATION, DISTRIBUTION, ETC. (IMPRINT) |
| Place of publication, distribution, etc |
Madrid : |
| Name of publisher, distributor, etc |
Centro de Estudios Constitucionales, |
| Date of publication, distribution, etc |
1993. |
| 300 ## - PHYSICAL DESCRIPTION |
| Extent |
197 p. |
| Dimensions |
21 cm. |
| 490 ## - SERIES STATEMENT |
| Series statement |
El derecho y la Justicia |
| Volume number/sequential designation |
33 |
| 500 ## - GENERAL NOTE |
| General note |
Citas y notas bibliográficas a pie de página. |
| 504 ## - BIBLIOGRAPHY, ETC. NOTE |
| Bibliography, etc |
Bibliografía: p. 189-197. |
| 505 ## - FORMATTED CONTENTS NOTE |
| Formatted contents note |
Contenido<br/>Introducción -- Filosofía, etimología, política: afirmación de la unidad del conocimiento -- Los postulados: la razón limitada y la res publica tradicional -- Los objetivo ideales: la verdad y la justicia -- Lo criterios posibles: la probabilidad y la concordancia -- Los sujetos privilegiados: El sabio neoacadémico y los príncipes -- Coherencia global de la filosofía política de Cicerón. <br/> |
| 600 #0 - SUBJECT ADDED ENTRY--PERSONAL NAME |
| 9 (RLIN) |
392 |
| Personal name |
CICERON, MARCO TULIO, 106 A.C.-43 A.C. |
| 650 #0 - SUBJECT ADDED ENTRY--TOPICAL TERM |
| Topical term or geographic name as entry element |
FILOSOFIA |
| 9 (RLIN) |
393 |
| 650 #0 - SUBJECT ADDED ENTRY--TOPICAL TERM |
| Topical term or geographic name as entry element |
CIENCIAS POLITICAS |
| 9 (RLIN) |
348 |
| 942 ## - ADDED ENTRY ELEMENTS (KOHA) |
| Source of classification or shelving scheme |
|
| Koha item type |
Libros |
| Classification part |
101:32 |
| Item part |
POZ |